Shevet Musar and Psychology : Jewish Discipline for the Early Modern Soul Studies in Musar Series, Volume 3 /
A best-selling manual in the Jewish tradition of spiritual instruction, Shevet musar (Istanbul, 1712) by Elijah ha-Kohen Itamari, confronts the contemporary reader with surprisingly modern psychological subtleness, as it tackles the matters of the soul by means of emotional manipulation, somatic gro...
Main Author:
Format: eBook
Language: English
Published:
Leiden ; Boston :
Brill,
2025.
Series:
Religious Studies, Theology and Philosophy E-Books Online, Collection 2026.
Studies in Jewish History and Culture ;
84/3.
Subjects:
Online Access: Login to view Source
Tags: Add Tag
Call Number: BM645.S6
| LEADER | 04121nam a22005298i 4500 | ||
|---|---|---|---|
| 001 | BRILL9789004741225 | ||
| 003 | nllekb | ||
| 005 | 20250915080726.0 | ||
| 006 | m d | ||
| 007 | cr un uuuua | ||
| 008 | 250731s2025 gw sb 001 0 eng d | ||
| 010 | |a 2025032138 | ||
| 020 | |a 9789004741225 |q (electronic book) | ||
| 020 | |z 9789004741065 |q (print) | ||
| 024 | 7 | |a 10.1163/9789004741225 |2 DOI | |
| 035 | |z (OCoLC)1528595815 | ||
| 040 | |a NL-LeKB |c NL-LeKB |e rda | ||
| 041 | |a eng | ||
| 050 | 4 | |a BM645.S6 | |
| 072 | 7 | |a HRJ |2 bicssc | |
| 072 | 7 | |a REL |x 040000 |2 bisacsh | |
| 082 | 0 | 4 | |a 296.3/2 |2 23 |
| 100 | 1 | |a Briata, Ilaria, |e author. | |
| 245 | 1 | 0 | |a Shevet Musar and Psychology : |b Jewish Discipline for the Early Modern Soul Studies in Musar Series, Volume 3 / |c Ilaria Briata. |
| 246 | 3 | |a Jewish Discipline for the Early Modern Soul Studies in Musar Series, Volume 3 | |
| 264 | 1 | |a Leiden ; |a Boston : |b Brill, |c 2025. | |
| 264 | 4 | |c ©2025 | |
| 300 | |a 1 online resource (278 pages) : |b illustrations. | ||
| 336 | |a text |b txt |2 rdacontent | ||
| 337 | |a computer |b c |2 rdamedia | ||
| 338 | |a online resource |2 rdacarrier | ||
| 490 | 1 | |a Religious Studies, Theology and Philosophy E-Books Online, Collection 2026 | |
| 490 | 1 | |a Studies in Jewish History and Culture ; |v 84/3 | |
| 504 | |a Includes bibliographical references and index. | ||
| 505 | 0 | |t Acknowledgments -- Introduction: Musar and Psychology -- 1 Psychopoiesis -- 1 Soul-Making and the Psychosomatic Shaping of Self -- 2 Addressing Adam -- 3 Contrasting Identities -- 4 The Workings of the Soul -- 5 Further Workings of the Soul -- 6 Corporeal Hardware and Organic Agency -- 7 Channels of Holiness: Heart and Phallus -- 8 Engine of the Meat Machine: Yetser -- 9 Psychology of Sin -- 2 Psychagogy -- 1 Soul-Guidance and the Emotion Machine -- 2 The Spectrum of Feeling -- 3 Distress -- 4 Disgust -- 5 Shame -- 6 Anger -- 7 Emotions in the Religious Ecosystem -- 8 Special Feelings for Special People -- 9 Collective Consciousness as National Uniqueness -- 3 Psychodynamics of Horror -- 1 Transformative Powers of Fear -- 2 Anatomy of Horror: Theorizing Fear -- 3 Practicing Fear: A Gallery of Horrors -- 4 Dying -- 5 Rotting -- 6 Hell -- 7 From Trauma to Hauntology -- Conclusion: Disciplines of the Soul -- Coda: (Biblio‑)Therapy for the Soul -- References -- Index. | |
| 520 | |a A best-selling manual in the Jewish tradition of spiritual instruction, Shevet musar (Istanbul, 1712) by Elijah ha-Kohen Itamari, confronts the contemporary reader with surprisingly modern psychological subtleness, as it tackles the matters of the soul by means of emotional manipulation, somatic grounding, and mindfulness of the mutual relations connecting humans to God and creation. In the first dedicated monographic study, Shevet musar is situated within the long-durée history of psychology, providing a non-Western, premodern contribution to the 'discourse on and for the soul.' Through a close reading of key excerpts, the book explores how the text engages the reader by constructing a sense of selfhood ( psychopoiesis ), while steering behaviours and states of mind through emotional conditioning ( psychagogy ). A theoretical framework encompassing historical scholarship, psychology, and psychoanalysis, along with cultural and philosophical studies, reveals and illuminates the cosmos of an eighteenth-century Ottoman rabbi preoccupied with the wellness of Jewish souls. | ||
| 546 | |a English | ||
| 588 | |a Description based on print version record. | ||
| 650 | 0 | |a Soul |x Judaism. | |
| 650 | 0 | |a Spiritual life |x Judaism. | |
| 650 | 0 | |a Spiritual life |x Psychology. | |
| 776 | 0 | 8 | |i Print version: |t Shevet Musar and Psychology : Jewish Discipline for the Early Modern Soul Studies in Musar Series, Volume 3. |d Leiden ; Boston : Brill, 2025. |z 9789004741065 |w (DLC) 2025032137 |
| 830 | 0 | |a Religious Studies, Theology and Philosophy E-Books Online, Collection 2026. | |
| 830 | 0 | |a Studies in Jewish History and Culture ; |v 84/3. | |
| 856 | 4 | |z DOI: |u http://dx.doi.org/10.1163/9789004741225 | |
| 942 | |2 lcc |c EBOOK | ||
| 999 | |c 61218 |d 61218 | ||
